header

Introduction to the practice of statistics / (Record no. 266185)

MARC details
000 -LEADER
fixed length control field 01477cam a2200421 a 4500
001 - CONTROL NUMBER
control field 15029974
003 - CONTROL NUMBER IDENTIFIER
control field OSt
005 - DATE AND TIME OF LATEST TRANSACTION
control field 20260414081323.0
008 - FIXED-LENGTH DATA ELEMENTS--GENERAL INFORMATION
fixed length control field 071001s2009 nyua b 001 0 eng
010 ## - LIBRARY OF CONGRESS CONTROL NUMBER
LC control number 2007938575
020 ## - INTERNATIONAL STANDARD BOOK NUMBER
International Standard Book Number 9781429216234
Qualifying information extended version, casebound
International Standard Book Number 1429216239
Qualifying information extended version, casebound
International Standard Book Number 9781429216227
Qualifying information casebound
International Standard Book Number 1429216220
Qualifying information casebound
International Standard Book Number 9781429216210
Qualifying information pbk.
International Standard Book Number 1429216212
Qualifying information pbk.
International Standard Book Number 9781429216128
Qualifying information CD-ROM
International Standard Book Number 1429216123
Qualifying information CD-ROM
035 ## - SYSTEM CONTROL NUMBER
System control number 15029974
040 ## - CATALOGING SOURCE
Original cataloging agency DLC
Transcribing agency DLC
Modifying agency DLC
050 00 - LIBRARY OF CONGRESS CALL NUMBER
Classification number QA276.12
Item number .M65 2009
082 00 - DEWEY DECIMAL CLASSIFICATION NUMBER
Classification number 519.5
Edition number 22
100 1# - MAIN ENTRY--PERSONAL NAME
Personal name Moore, David S.
245 10 - TITLE STATEMENT
Title Introduction to the practice of statistics /
Statement of responsibility, etc David S. Moore, George P. McCabe, Bruce A. Craig.
250 ## - EDITION STATEMENT
Edition statement 6th ed.
260 ## - PUBLICATION, DISTRIBUTION, ETC. (IMPRINT)
Place of publication, distribution, etc New York :
Name of publisher, distributor, etc W.H. Freeman,
Date of publication, distribution, etc c2009.
300 ## - PHYSICAL DESCRIPTION
Extent 1 v. (various pagings) :
Other physical details col. ill. ;
Dimensions 27 cm. +
Accompanying material 1 CD-ROM (4 3/4 in.)
336 ## - CONTENT TYPE
Content type term text
Content type code txt
Source rdacontent
337 ## - MEDIA TYPE
Media type term unmediated
Media type code n
Source rdamedia
338 ## - CARRIER TYPE
Carrier type term volume
Carrier type code nc
Source rdacarrier
650 #0 - SUBJECT ADDED ENTRY--TOPICAL TERM
Topical term or geographic name as entry element Mathematical statistics
Form subdivision Textbooks.
700 1# - ADDED ENTRY--PERSONAL NAME
Personal name McCabe, George P.
Personal name Craig, Bruce A.
906 ## - LOCAL DATA ELEMENT F, LDF (RLIN)
a 7
b cbc
c origcop
d 1
e epcn
f 20
g y-gencatlg
942 ## - ADDED ENTRY ELEMENTS (KOHA)
Source of classification or shelving scheme Library of Congress Classification
Koha item type Long Loan Books
Holdings
Withdrawn status Lost status Source of classification or shelving scheme Damaged status Not for loan Collection code Home library Current library Shelving location Date acquired Source of acquisition Total Checkouts Full call number Barcode Date last seen Price effective from Koha item type
    Library of Congress Classification     Non-fiction Rongo University Library Rongo University Library General Stacks 14/04/2026 Books for Africa, Donation   QA276.12 .M65 2009 20261620 14/04/2026 14/04/2026 Long Loan Books

© 2026 Rongo University
Contact us: librarian | system librarian | Rongo university